000
00328nam a2200157Ia 4500
003
SGT
005
20260530143023.0
082
_a
615
_b
B12K
100
_a
KAR, ASHUTOSH
245
_a
BASIC PHARMACOLOGY FOR NURSES
250
_a
1ST
260
_b
AHUJA
_a
DELHI
_c
2012
300
_a
440
650
_a
PHARMACOLOGY
942
_2
ddc
_c
BK
999
_c
2210
_d
2210